Začínáme s MS Windows 3.1 /

Salvato in:
Dettagli Bibliografici
Autore principale: Vanžura, Jaromír (Autore)
Natura: Libro
Lingua:ceco
Pubblicazione: České Budějovice : Nakladatelství KOPP, 1992
Edizione:1.vyd.
Soggetti:
Tags: Aggiungi Tag
Nessun Tag, puoi essere il primo ad aggiungerne!!

MARC

LEADER 00000nam a22000003a 4500
001 stu8428
005 20260319080453.9
008 960117s1992----xr------------------cze-d
020 |a 80-901342-0-3 
040 |a STU  |b slo 
041 0 |a cze 
044 |a xr 
080 |a 681.32.066 
080 |a Windows 
080 |a 519.68 
084 |a C6150J  |2 INS 
084 |a C6150  |2 INS 
084 |a C5620  |2 INS 
100 1 |a Vanžura, Jaromír  |4 aut 
245 1 |a Začínáme s MS Windows 3.1 /  |c [aut.] Vanžura,Jaromír 
250 |a 1.vyd. 
260 |a České Budějovice :  |b Nakladatelství KOPP,  |c 1992 
300 |a 129 s 
650 7 |a operačné systémy  |2 stusub 
650 7 |a programové systémy  |2 stusub 
650 7 |a počítačové siete  |2 stusub 
996 |b E80347  |c E*80347  |l EE09  |s P  |a 0  |w stu8428_0001